00474nam a2200181Ia 4500008004100000020001800041050001400059100001900073245002500092245007600117260001500193260001600208260000900224300001400233300002700247300001000274500000800284170918s9999 xx 000 0 und d a9780439168427 bS844 1999 aStevens, Janet aCook-a-doodle-doo! / cJanet Stevens and Susan Stevens Crummel ; illustrated by Janet Stevens. aNew York : bScholastic, c1999 aunpaged : bcolored illustration ; c23cm. a420